000
00286nam a2200121Ia 4500
005
20251222140059.0
008
251222s1900||||xx |||||||||||||| ||spa||
082
_a
160/M64L
100
_a
Miro Quesada, Francisco
245
0
_a
Lógica 1:
264
_b
Ignacio Prado Pastor
942
_c
LIB
999
_c
3884
_d
3884